Introduction to system science

Αποθηκεύτηκε σε:
Λεπτομέρειες βιβλιογραφικής εγγραφής
Κύριος συγγραφέας: Sandquist, Gary M. (Gary Martin) 1936-
Μορφή: Βιβλίο
Γλώσσα:English
Δημοσίευση: Englewood Cliffs, N.J. : Prentice-Hall, c1985
Θέματα:
Ετικέτες: Προσθήκη ετικέτας
Δεν υπάρχουν, Καταχωρήστε ετικέτα πρώτοι!

MARC

LEADER 00000cam a2200000 i 4500
001 1/24931
008 950714s1985 eng d
020 |a 013498692X 
035 |l 10022394 
040 |a GR-MY-UA  |b gre  |e aacr 
041 0 |a eng 
082 0 |a 003  |2 (19) 
100 1 |a Sandquist, Gary M.  |q (Gary Martin)  |d 1936- 
245 1 0 |a Introduction to system science /  |c Gary M. Sandquist 
260 |a Englewood Cliffs, N.J. :   |b Prentice-Hall,   |c c1985 
300 |a xv, 567 p.;  |b ill.;  |c 24 cm 
500 |a Includes bibliographies and index 
650 0 0 |a System analysis. 
852 |a INST  |b CHIOS  |e 19950714  |h 003 SAN  |p 005200002404  |q 005200002404  |t BK  |y 0 
909 |a Χ  |b 005127